Histoire de la littérature dramatique / (Record no. 156256)
[ view plain ]
| 000 -LEADER | |
|---|---|
| campo de control de longitud fija | 00690nam a22001935i 4500 |
| 001 - NÚMERO DE CONTROL | |
| campo de control | 156256 |
| 003 - IDENTIFICADOR DE NÚMERO DE CONTROL | |
| campo de control | ES-MaACL |
| 005 - FECHA Y HORA DE LA ÚLTIMA TRANSACCIÓN | |
| campo de control | 20250709063218.0 |
| 008 - DATOS DE LONGITUD FIJA--INFORMACIÓN GENERAL | |
| campo de control de longitud fija | 040804m18551858fr |||| | fre d |
| 100 1# - ENTRADA PRINCIPAL--NOMBRE DE PERSONA | |
| Nombre de persona | Janin, Jules Gabriel, |
| Fechas asociadas al nombre | 1804-1874 |
| 9 (RLIN) | 66026 |
| 245 10 - MENCIÓN DEL TÍTULO | |
| Título | Histoire de la littérature dramatique / |
| Mención de responsabilidad, etc. | par Jules Janin. |
| 250 ## - MENCION DE EDICION | |
| Mención de edición | 2e éd. rev. et corr. par l'auteur. |
| 260 ## - PUBLICACIÓN, DISTRIBUCIÓN, ETC. | |
| Lugar de publicación, distribución, etc. | Paris : |
| Nombre del editor, distribuidor, etc. | Michel Lévy Frères, |
| Fecha de publicación, distribución, etc. | 1855-1858 ( |
| Fabricante | Imp. de J. Claye) |
| 300 ## - DESCRIPCIÓN FÍSICA | |
| Extensión | 6 v. ; |
| Dimensiones | 18 cm. |
| 595 ## - | |
| -- | Vol. 3 y 4: 1ª edición, de 1853-1857. |
| 650 #4 - PUNTO DE ACCESO ADICIONAL DE MATERIA--TÉRMINO DE MATERIA | |
| Término de materia o nombre geográfico como elemento de entrada | Teatro francés- |
| Subdivisión general | Historia y crítica. |
| 9 (RLIN) | 174692 |
| 852 4# - LOCALIZACIÓN | |
| Ubicación | ES-MaACL |
| Número de control de estantería | G-10045-50 |
| Nota libre | - Enc. hol. |
| Estatus retirado | Estado de pérdida | Estado de daño | No para préstamo | Colección | Biblioteca de origen | Biblioteca actual | Ubicación en estantería | Fecha de adquisición | Total de préstamos | Signatura topográfica completa | Código de barras | Visto por última vez | Precio de reemplazo | Tipo de ítem Koha |
|---|---|---|---|---|---|---|---|---|---|---|---|---|---|---|
| Libros del s. XIX | Biblioteca del Ateneo de Madrid | Biblioteca del Ateneo de Madrid | Sala Pecera Planta 3 | 17/01/2008 | G-10045-50 | 1163475 | 23/02/2023 | 23/02/2023 | Libro impreso antiguo |
